It Takes Two To Tango (Record no. 333422)

MARC details
000 -LEADER
fixed length control field 00495nam a2200169Ia 4500
008 - FIXED-LENGTH DATA ELEMENTS--GENERAL INFORMATION
fixed length control field 230718s9999 xx 000 0 und d
020 ## - INTERNATIONAL STANDARD BOOK NUMBER
International Standard Book Number 9788192339733
041 ## - LANGUAGE CODE
Language code of text/sound track or separate title eng
082 ## - DEWEY DECIMAL CLASSIFICATION NUMBER
Classification number 341.23'013
Item number MAR
100 ## - MAIN ENTRY--PERSONAL NAME
Personal name Marya G.
9 (RLIN) 193439
245 ## - TITLE STATEMENT
Title It Takes Two To Tango
Remainder of title Achieving Customer - Connect In Shape - Shifting India
260 ## - PUBLICATION, DISTRIBUTION, ETC. (IMPRINT)
Date of publication, distribution, etc. 2013
Name of publisher, distributor, etc. Enterpreneur India Books
300 ## - PHYSICAL DESCRIPTION
Extent 175
365 ## - TRADE PRICE
Currency code Rs.
Price amount 495.00
700 ## - ADDED ENTRY--PERSONAL NAME
Personal name Marya G.
9 (RLIN) 193439
906 ## - LOCAL DATA ELEMENT F, LDF (RLIN)
d B:360919-Jul-2013
c GENRL
b 108.9
Holdings
Withdrawn status Lost status Damaged status Not for loan Home library Current library Date acquired Vendor Budget Code Cost, normal purchase price Bill number Total Checkouts Full call number Barcode Date last seen Discount Cost, replacement price Bill Date Koha item type Original Barcode
        Cummins College of Engineering for Women Pune Cummins College of Engineering for Women Pune 11/09/2013 Technical Book Services GENRL 386.10 3609   341.23'013 CCEP-BK-44629 18/07/2023 108.9 495.00 19/07/2013 Books 044629